[Event "Ruhrgebiet Verbandsliga Gruppe 1 1718"]
[Site "Germany"]
[Date "2017.12.03"]
[Round "4.8"]
[White "Oltmanns, Jan"]
[Black "Zobiegala, Christoph"]
[Result "0-1"]
[WhiteElo "1749"]
[BlackElo "1880"]
[PlyCount "134"]
[EventDate "2017.09.17"]
[EventType "team-tourn"]
[EventRounds "9"]
[EventCountry "GER"]
[SourceTitle "EXT 2022"]
[Source "ChessBase"]
[SourceDate "2021.10.06"]
[SourceVersion "1"]
[SourceVersionDate "2021.10.06"]
[SourceQuality "1"]
[WhiteTeam "Muelheim Nord IV"]
[BlackTeam "Sodingen/Castrop SK II"]
[WhiteTeamCountry "GER"]
[BlackTeamCountry "GER"]

1. e4 c5 2. Nf3 d6 3. d4 cxd4 4. Nxd4 Nf6 5. Nc3 a6 6. a4 b6 7. Bc4 e6 8. 0-0 Be7 9. Qf3 Qc7 10. Bb3 0-0 11. Bg5 Nc6 12. Nce2 Ne5 13. Qc3 Qc5 14. f3 Bb7 15. Be3 Qxc3 16. Nxc3 Ned7 17. Rfd1 Nc5 18. Ba2 Rac8 19. a5 b5 20. Nce2 Rfd8 21. Rd2 Nfd7 22. Rad1 Ne5 23. c3 Ba8 24. b4 Na4 25. Nxe6 fxe6 26. Bxe6+ Kf8 27. Bxc8 Rxc8 28. Bf4 Nc4 29. Rd4 Nab2 30. Rb1 Rd8 31. Bc1 Na4 32. Ra1 Rc8 33. Kf2 Bf6 34. Rd3 Ke7 35. Bf4 Nab2 36. Rd4 Bxd4+ 37. Nxd4 g6 38. Ke2 Ne5 39. Kd2 Bc6 40. Kc2 Nbc4 41. Rd1 Bd7 42. h4 Nf7 43. Rh1 h6 44. h5 g5 45. Bc1 Nce5 46. g3 Nc6 47. Kd3 Nfe5+ 48. Ke2 Nxd4+ 49. cxd4 Nc6 50. f4 Nxd4+ 51. Kd3 Ne6 52. fxg5 Nxg5 53. Bxg5+ hxg5 54. h6 Kf7 55. h7 Kg7 56. Kd4 Be6 57. Rh2 Rc4+ 58. Kd3 Kh8 59. Rh6 Bc8 60. Rxd6 Kxh7 61. e5 Kg7 62. Rd8 Kf7 63. Rh8 Ke6 64. Re8+ Kd5 65. Rg8 g4 66. Re8 Be6 67. Ra8 Rc6 0-1

[Event "Ruhrgebiet Verbandsklasse Gruppe 2 1718"]
[Site "Germany"]
[Date "2017.10.08"]
[Round "2.1"]
[White "Patzer, Joerg"]
[Black "Zobiegala, Christoph"]
[Result "1/2-1/2"]
[WhiteElo "1887"]
[BlackElo "1880"]
[PlyCount "45"]
[EventDate "2017.09.17"]
[EventType "team-tourn"]
[EventRounds "9"]
[EventCountry "GER"]
[SourceTitle "EXT 2022"]
[Source "ChessBase"]
[SourceDate "2021.10.06"]
[SourceVersion "1"]
[SourceVersionDate "2021.10.06"]
[SourceQuality "1"]
[WhiteTeam "Horst Emscher II"]
[BlackTeam "Sodingen/Castrop SK III"]
[WhiteTeamCountry "GER"]
[BlackTeamCountry "GER"]

1. d4 Nf6 2. Nf3 d5 3. Bf4 c5 4. c3 Qb6 5. Qb3 c4 6. Qxb6 axb6 7. Nbd2 Nc6 8. a3 b5 9. Rc1 Bf5 10. e3 Nd7 11. Nh4 Bg4 12. f3 Bh5 13. g4 Bg6 14. Nxg6 hxg6 15. Bg2 e5 16. Bg3 exd4 17. exd4 Nb6 18. 0-0 Kd7 19. f4 Bd6 20. Nf3 f6 21. Rc2 Rae8 22. Rcf2 Ne7 23. Ne1 1/2-1/2